Condensed Velazquez (Record no. 9922)

MARC details
000 - LÍDER
campo de control de longitud fija 00851nam a2200217Ia 4500
008 - ELEMENTOS DE DATOS DE LONGITUD FIJA - INFORMACIÓN GENERAL
campo de control de longitud fija 0000002008 sp ad 0000000000spa00
090 ## - NÚMERO DE LLAMADA DE TIPO LC LOCALMENTE ASIGNADO (OCLC)
Número de clasificación (OCLC) (R) PSP00 M34c
100 1# - ENTRADA PRINCIPAL - NOMBRE PERSONAL
Nombre de la persona Mikel Euba, Jon
Fechas asociadas a un nombre 1967
245 10 - TÍTULO DECLARACIÓN
Título Condensed Velazquez
Declaración de responsabilidad / Jon Mikel Euba
Resto del título : traducción Lorraine Kerslake
260 ## - PUBLICACIÓN, DISTRIBUCIÓN
Lugar de publicación Madrid : Galería Soledad Lorenzo
Fecha de publicación 2008
300 ## - DESCRIPCIÓN FÍSICA
Alcance 37 p.
Dimensiones / 28 cm.
500 ## - NOTA GENERAL
Nota general Exposición realizada en Galería Soledad Lorenzo, Madrid, de abril 1 a mayo 3 de 2008 \ Incluye cronología del artista \ Registro auspiciado por la FGAA. Bogotá
600 00 - ENTRADA DE SUJETO AÑADIDO - NOMBRE PERSONAL
Nombre de la persona MIKEL EUBA, JON, 1967/
Subdivisión general TRABAJOS ARTISTICOS
650 14 - ENTRADA DE SUJETO AÑADIDO - TÉRMINO TÓPICO
Término tópico o elemento de entrada del nombre geográfico ARTE CONTEMPORANEO ESPAÑOL
650 14 - ENTRADA DE SUJETO AÑADIDO - TÉRMINO TÓPICO
Término tópico o elemento de entrada del nombre geográfico ARTE ABSTRACTO
650 14 - ENTRADA DE SUJETO AÑADIDO - TÉRMINO TÓPICO
Subdivisión general CATALOGOS
650 14 - ENTRADA DE SUJETO AÑADIDO - TÉRMINO TÓPICO
Subdivisión general EXPOSICIONES
650 14 - ENTRADA DE SUJETO AÑADIDO - TÉRMINO TÓPICO
Término tópico o elemento de entrada del nombre geográfico PINTORES ESPAÑOLES
650 14 - ENTRADA DE SUJETO AÑADIDO - TÉRMINO TÓPICO
Término tópico o elemento de entrada del nombre geográfico PINTURA ESPAÑOLA
700 1# - ENTRADA AGREGADA - NOMBRE PERSONAL
Nombre de la persona Kerslake, Lorraine, tr.
Holdings
Estado de retirada Pérdida de estatus Estado dañado No para préstamo Código de recogida Ubicación permanente Ubicación actual Ubicación de las estanterías Fecha de adquisición Número de llamada completo Código de barras Fecha de la última vez que se vio Número de copia Precio efectivo desde Tipo de artículo Koha
        General ArtNexus ArtNexus General 06/09/2022 P-SP-00 M34C 9954 06/09/2022 Ej.1 06/09/2022 Libro

Powered by Koha